[Event "Santa Catarina Universities-ch"]
[Site "Tubarao"]
[Date "2011.07.28"]
[Round "4"]
[White "Dos Santos, Jailso Almeida"]
[Black "De Souza, Lucas Andre"]
[Result "1-0"]
[WhiteElo "2000"]
[BlackElo "1558"]
[PlyCount "107"]
[EventDate "2011.07.29"]
[EventType "swiss"]
[EventRounds "5"]
[EventCountry "BRA"]
[SourceTitle "EXT 2024"]
[Source "ChessBase"]
[SourceDate "2023.10.10"]
[SourceVersion "1"]
[SourceVersionDate "2023.10.10"]
[SourceQuality "1"]

1. e4 e6 2. d4 d5 3. Nd2 c5 4. exd5 Qxd5 5. dxc5 Nc6 6. Ngf3 Bxc5 7. Bc4 Qd8 8. 0-0 Nf6 9. c3 0-0 10. Qe2 Qc7 11. Nb3 Bb6 12. Bg5 Ng4 13. h3 Nge5 14. Nxe5 Nxe5 15. Bb5 Ng6 16. Rfd1 a6 17. Ba4 Ba7 18. Nd4 b5 19. Bc2 Bb7 20. Rd2 Rad8 21. Bxd8 Rxd8 22. Rad1 Re8 23. Be4 Bb8 24. Nf3 Nf4 25. Qe3 Bxe4 26. Qxe4 f5 27. Qb4 Qf7 28. Rd8 Rf8 29. Rxb8 Rxb8 30. Qxf4 Re8 31. Ne5 Qf6 32. Rd7 g5 33. Qd4 Re7 34. Nc6 Rf7 35. Qxf6 Rxf6 36. Ra7 Rf8 37. Rxa6 Kf7 38. Nd4 Rb8 39. Rxe6 b4 40. Re5 bxc3 41. Rxf5+ Kg6 42. bxc3 Rb1+ 43. Kh2 Rc1 44. Rc5 Rc2 45. a4 Rxf2 46. a5 Ra2 47. a6 Rxa6 48. Rc6+ Rxc6 49. Nxc6 Kf7 50. Kg3 Ke6 51. Kg4 Kd5 52. Kxg5 Kc4 53. Kh6 Kxc3 54. Kxh7 1-0